00330nam a2200133Ia 4500003000500000008004100005020001800046040001900064082000700083100001600090245003500106260004300141546001200184STCL181203s9999 xx 000 0 und d a9788173817847 aSTCLbENcSTCL 222 aPaul, S Kr. 0aFinancial Accounting: Volume 3 bNew Central Book AgencyaKolkatac2012 aEnglish